All Formula 1 winner since 2010 - Statistics

General Stats
  • This quiz has been taken 24 times
  • The average score is 18 of 19
Answer Stats
N° Win Driver % Correct
3 Carlos Sainz
100%
7 Charles Leclerc
100%
1 Esteban Ocon
100%
2 George Russell
100%
3 Kimi Raikkonen
100%
2 Lando Norris
100%
94 Lewis Hamilton
100%
61 Max Verstappen
100%
23 Nico Rosberg
100%
1 Oscar Piastri
100%
1 Pierre Gasly
100%
48 Sebastian Vettel
100%
8 Daniel Ricciardo
93%
11 Fernando Alonso
93%
8 Jenson Button
93%
7 Mark Webber
93%
6 Sergio Perez
93%
10 Valtteri Bottas
93%
1 Pastor Maldonado
73%
No matching quizzes found
Score Distribution
Percent of People with Each Score
Percentile by Number Answered
Your Score History
You have not taken this quiz